000
00399nam a2200133Ia 4500
008
100328s9999 xx 000 0 und d
082
_b
58177
100
_a
धोंड मधुकर वासुदेव
245
_a
चंद्र चवथिचा
260
_b
मौज
630
_a
चंद्र चवथिचा
730
_a
चंद्र चवथिचा
942
_c
BOOK
999
_c
544539
_d
544536